Quelle heure est-il ? - Statistiques

Statistiques générales
  • Ce quiz a été pris 127 fois
    115 depuis la dernière actualisation
  • Le résultat moyen est 15 sur 16
Statistiques - réponses
Par images Réponse % Correct
3h00/15h00
100%
7h00/19h00
98%
4h00/16h00
97%
8h30/20h30
97%
2h30/14h30
96%
10h30/22h30
95%
11h30/23h30
95%
3h10/15h10
95%
5h45/17h45
95%
7h20/19h20
95%
9h35/21h35
94%
5h05/17h05
93%
0h30/12h30
92%
3h55/15h55
89%
6h40/18h40
87%
1h25/13h25
86%
Aucun quiz correspondant
Distribution des résultats
% des personnes avec chaque résultat
Percentile par nombre de réponses
Votre historique - résultats
Vous n’avez pas pris ce quiz depuis la dernière actualisation